000 00473nam a2200133 a 4500
008 120416s1951 ||||||||||||||||| || u
050 _aQ 162 Hun
100 _aHunter, George W
245 1 0 _aDoorways to science
260 _aNew York
_bAmerican Book Company
_c1951
300 _axiii, 546p. : ill.
350 _a0.00
995 _D0.00
_FCBU-MAIN LIBRARY (Kitwe)
_H1
_I24.99
_M1
_UAVAILABLE
_ZAnnex Low-Usage Collection
999 _c40461
_d40461